[Event "SEMI B030 email"]
[Site "SEMI email"]
[Date "2002.06.15"]
[Round "?"]
[White "Cudazzo, Fabrizio"]
[Black "Tarzia, Paolo"]
[Result "1-0"]
[WhiteElo "1600"]
[BlackElo "1000"]
[PlyCount "47"]
[EventDate "2002.06.15"]
[EventType "tourn (corr)"]
[EventRounds "6"]
[EventCountry "ITA"]
[SourceTitle "Corr 2008"]
[Source "ChessBase"]
[SourceDate "2008.06.24"]
[SourceVersion "1"]
[SourceVersionDate "2008.06.24"]
[SourceQuality "1"]

1. e4 c6 2. d4 d5 3. Nc3 dxe4 4. Nxe4 Nf6 5. Nxf6+ gxf6 6. c3 Bf5 7. Nf3 e6 8. g3 Nd7 9. Bg2 Bd6 10. Nh4 Bg6 11. Be3 Qb6 12. 0-0 Qxb2 13. Nxg6 hxg6 14. Rb1 Qxa2 15. Rxb7 Qa6 16. Qb1 Rc8 17. Rb2 Qc4 18. Qc2 c5 19. Rd1 Be7 20. dxc5 Qg4 21. Rxd7 Bxc5 22. Bxc5 Rxc5 23. Rxf7 Kxf7 24. Rb7+ 1-0